000 00335nam a22001457a 4500
008 210426b ||||| |||| 00| 0 eng d
020 _a0201059746
041 _aeng
080 _a311
082 _a311
100 _a55
101 _aSTA
245 _aBeginning Statistics with Data Analysis
_cFrederick Mosteller
942 _2udc
_cBK
999 _c56769
_d56769